Rakiduam Taiñ ad mapu. El pensamiento de nuestra tierra.

Guardat en:
Dades bibliogràfiques
Altres autors: Calbullanca Huenchunao, Nicolás (traductor)
Format: Llibre
Publicat: Concepción, Chile: Ediciones UCSC, 2017.
Edició:Edición bilingüe
Matèries:
Etiquetes: Afegir etiqueta
Sense etiquetes, Sigues el primer a etiquetar aquest registre!

MARC

LEADER 00000nam a22000007a 4500
003 CL-VaPUC
005 20230531074427.0
008 221114t2017 ||||| |||| 00| 0 eng d
999 |c 439383  |d 439381 
020 |a 978-956-7943-74-6 
040 |c Pontificia Universidad Católica de Valparaíso 
082 |2 22  |a Ch861 RAK 2017 
245 |a Rakiduam Taiñ ad mapu.  |b El pensamiento de nuestra tierra. 
250 |a Edición bilingüe 
260 |a Concepción, Chile:  |b Ediciones UCSC,  |c 2017. 
300 |a 86 páginas. 
500 |a c.1. Donación Rector saliente Claudio Elortegui, Julio 2022. 
583 |c 20221114  |k Catalogador Asistente 
650 0 |9 475433  |a Poesía mapuche 
650 0 |a Literatura chilena   |x Pueblos originarios  |x Mapuches  |9 308278 
650 0 |a Literatura indígena   |v Poesías  |x Mapuches  |9 878641 
700 |a Calbullanca Huenchunao, Nicolás  |e traductor  |9 878437 
942 |2 ddc  |c BK 
952 |0 0  |1 0  |2 ddc  |4 0  |6 CH_861_000000000000000_RAK_2017  |7 0  |8 A  |9 587693  |a BIBEDU  |b BIBING  |c GEN  |d 2022-11-14  |e Donación  |i 5655564  |l 1  |o Ch861 RAK 2017  |p 5655564  |r 2023-04-21  |s 2023-04-21  |t 1  |w 2022-11-14  |y BK  |k LIT